000 00744nam a22002177a 4500
999 _c8744
_d8744
003 AR-CdUCM
008 190325b ||||| |||| 00| 0 spa d
020 _a84-241-5604-8
040 _aMUNICIPALIDAD PROVINCIAL DEL CUSCO
_cBIBLIOTECA MUNICIPAL DEL CUSCO
082 _a550 /
_bA78
100 _aArtero Garcia, Jose Maria
_919711
245 _aIntroducción al mundo de lo inerte /
260 _aEspaña :
_bEverest,
_c1981.
300 _a191 páginas ;
_c25 cm.
505 _aContenido :Introducción a la geología -- El universo conocido -- El universo desconocido -- Introducción a la geofísica ...
650 _aUniverso
_918615
650 _aGeofísica
_919201
650 _aGeología
_917044
942 _2ddc
_cLIBROS
945 _arah